| 000 | 00533nam a2200169Mi 4500 | ||
|---|---|---|---|
| 020 | _a9789251058732 | ||
| 020 | _a9251058733 | ||
| 040 | _cNLGGC | ||
| 082 | _a639 FOO 2007 A083 Or. | ||
| 100 | 1 | _aSecretan, Philip A.D | |
| 245 | 1 | 0 | _aGuidelines to meet insurance and other risk management needs in developing aquaculture in Asia / |
| 260 |
_aRome : _bFood and Agriculture Organization of the United Nations, _c2007 |
||
| 300 |
_axi, 148 p. : _bill. ; _c30 cm |
||
| 650 | 0 | _aAquaculture | |
| 650 | 0 | _aRisk (Insurance) | |
| 942 | _cEK | ||
| 999 |
_c16097 _d16097 |
||